• 首页
  • 本馆介绍
  • 公告通知
  • 最新文献
  • 馆藏检索
  • 电子资源
  • 读者导购
  • 参考咨询
  • 我的图书馆
  • 登录
  • 详细信息显示
  • 放入我的书架
  • 预约/预借图书
  • 作者相关作品
  • 分类相关作品
  • 丛书相关作品
  • 出版社相关作品

书目信息

  • 表格格式
  • 工作单格式
  • 卡片格式
题名:
德国
    
 
作者: ;亲历者编辑部 编著
分册:  
出版信息: 北京   中国铁道出版社  2016
页数: 191页
开本: 20cm
丛书名: "Just go"系列丛书
单 册:
中图分类: K951.69
科图分类:
主题词: 旅游指南--Lv You Zhi Nan--德国
电子资源:
ISBN: 978-7-113-21548-4
000 00927nam0 22002771 450
001 0101082350
005 20161202102417.29
010    @a978-7-113-21548-4@dCNY29.80
100    @a20160607d2016 em y0chiy50 ea
101 0  @achi
102    @aCN@b110000
105    @aab z 001yy
106    @ar
200 1  @a德国@ADe Guo@dGermany@f《亲历者》编辑部编著@zeng
210    @a北京@c中国铁道出版社@d2016
215    @a191页@c彩图,地图@d20cm
225 2  @a"Just go"系列丛书@A"Just go"Xi Lie Cong Shu
300    @a亲历者旅行指南
330    @a本书是一本德国旅游指南。内容涵盖德国概览、行程推荐、帝国兴衰、制造业、古典音乐、哲学、运动、德国电影、美食、节日等。
461  0 @12001 @a"Just go"系列丛书
510 1  @aGermany@zeng
606 0  @a旅游指南@ALv You Zhi Nan@y德国
690    @aK951.69@v5
711 02 @a亲历者编辑部@AQin Li Zhe Bian Ji Bu@4编著
801  0 @aCN@bTANGWEI@c20161128
905    @b0950450-4@dK951.69@e408@f5
    
    德国=Germany/《亲历者》编辑部编著.-北京:中国铁道出版社,2016
    191页:彩图,地图;20cm.-("Just go"系列丛书)
    亲历者旅行指南
    
    ISBN 978-7-113-21548-4:CNY29.80
    本书是一本德国旅游指南。内容涵盖德国概览、行程推荐、帝国兴衰、制造业、古典音乐、哲学、运动、德国电影、美食、节日等。
●
相关链接 在E读中查询图书 在五车中查询图书 在当当中查询图书 在豆瓣中查询图书


正题名:德国     索取号:K951.69/408         预约/预借

序号 登录号 条形码 馆藏地/架位号 状态 备注
1 0950450   209504507   第二样本阅览室/ [索取号:K951.69/408] 在馆    
2 0950451   209504516   密集书库-资源管理系/ [索取号:K951.69/408] 在馆    
3 0950452   209504525   第二借阅区/ [索取号:K951.69/408] 在馆    
4 0950453   209504534   第二借阅区/ [索取号:K951.69/408] 在馆    
5 0950454   209504543   第二借阅区/ [索取号:K951.69/408] 在馆    
唐山师范学院图书馆 欢迎您!
大连网信软件有限公司© 版权所有